000 00487nmm a2200145Ia 4500
008 251105s9999||||xx |||||||||||||||||und||
041 _aspa
100 _aPlazas-Gómez, Clara Viviana
245 0 _aHacia la construcción de una política fiscal con enfoque de género
264 _a[Bogotá, Colombia] :
_bUniversidad del Rosario,
_c2018
300 _a178 páginas
650 _aPolitical Science (General)
856 _uhttps://public.digitaliapublishing.com/a/56196
942 _cCF
999 _c106616
_d106616